Kuvavisa: Pohjois-Amerikan suurimmat H:lla alkavat kaupungit - Statistics

Yleistilastot
  • Tätä visaa on pelattu 21 kertaa
  • Keskiarvotulos 4 / 16
Vastaustilastot
Kuvavisa Hint Vastaus % Oikein
🇨🇺 2 140 000 Havanna
100%
🇺🇸 2 310 000 Houston
94%
🇨🇦 730 000 Hamilton
56%
🇨🇦 350 000 Halifax
50%
🇺🇸 340 000 Henderson
25%
🇲🇽 860 000 Hermosillo
25%
🇺🇸 220 000 Hialeah
19%
🇺🇸 190 000 {Huntington} Beach
19%
🇨🇺 300 000 Holguín
13%
🇺🇸 150 000 Hollywood
13%
🇺🇸 230 000 Huntsville
13%
🇺🇸 160 000 Hayward
6%
🇨🇷 370 000 Heredia
6%
🇲🇽 260 000 Heroica Nogales
6%
🇲🇽 510 000 Heroica {Matamoros}
0%
🇩🇴 150 000 Higüey (Salvaleón de Higüey)
0%
Ehtoja vastaavia visoja ei löytynyt
Tulosjakauma
Jokaisen tuloksen saaneiden osuus
Persentiili vastausten määrän mukaan
Tuloshistoriasi
Et ole pelannut tätä visaa